[Event "TUN-chT"]
[Site "Hammamet"]
[Date "2019.02.10"]
[Round "2.4"]
[White "Kaabi, Mejdi"]
[Black "Bouaziz, Mehdi"]
[Result "1/2-1/2"]
[WhiteElo "2274"]
[BlackElo "2253"]
[PlyCount "27"]
[EventDate "2019.02.09"]
[EventType "team-tourn"]
[EventRounds "11"]
[EventCountry "TUN"]
[SourceTitle "CBM 190 Extra"]
[Source "ChessBase"]
[SourceDate "2019.07.15"]
[SourceVersion "1"]
[SourceVersionDate "2019.07.15"]
[SourceQuality "1"]
[WhiteTeam "Omran"]
[BlackTeam "Bouhjar"]
[WhiteTeamCountry "TUN"]
[BlackTeamCountry "TUN"]

1. d4 d5 2. Nf3 Bf5 3. c4 e6 4. Nc3 Nc6 5. cxd5 exd5 6. Bf4 Bd6 7. Bxd6 Qxd6 8. e3 Nf6 9. Bb5 0-0 10. Bxc6 Qxc6 11. 0-0 Qb6 12. Qe2 Bg4 13. Rab1 Qe6 14. h3 1/2-1/2

[Event "Tripoli Naami op"]
[Site "Tripoli"]
[Date "2017.03.31"]
[Round "2"]
[White "Ahmed, Osaman"]
[Black "Kaabi, Mejdi"]
[Result "0-1"]
[WhiteElo "2000"]
[BlackElo "2269"]
[PlyCount "106"]
[EventDate "2017.03.30"]
[EventType "swiss"]
[EventRounds "9"]
[EventCountry "LBY"]
[SourceTitle "CBM 177 Extra"]
[Source "ChessBase"]
[SourceDate "2017.04.27"]
[SourceVersion "1"]
[SourceVersionDate "2017.04.27"]
[SourceQuality "1"]

1. e4 c5 2. Nf3 a6 3. d4 cxd4 4. Nxd4 Nf6 5. Nc3 e5 6. Nf3 Bb4 7. Bg5 d6 8. Bd3 Be6 9. 0-0 Bxc3 10. bxc3 h6 11. Bh4 Nbd7 12. c4 Rc8 13. Nd2 g5 14. Bg3 Nf8 15. Rb1 Qe7 16. f3 Ng6 17. Qe2 h5 18. Qe3 h4 19. Bf2 g4 20. g3 hxg3 21. hxg3 gxf3 22. Nxf3 Ng4 23. Qe2 Qf8 24. Be3 Qg7 25. Bd2 Qh7 26. Qg2 f6 27. Rb6 Qc7 28. Rfb1 Rb8 29. Qe2 Ne7 30. Kg2 Nc6 31. c3 Nd8 32. c5 Qxc5 33. Bxa6 Rh7 34. Qb5+ Qxb5 35. Bxb5+ Ke7 36. c4 Ra8 37. a4 Rc8 38. Rc1 Bd7 39. a5 Bc6 40. Bxc6 Rxc6 41. Rcb1 Rxb6 42. Rxb6 Kd7 43. Nh4 Kc7 44. Rb3 Nc6 45. Nf3 Rh8 46. Rb1 Ra8 47. Rb5 Rh8 48. Rb1 Nd4 49. Nxd4 exd4 50. Kf3 Ne5+ 51. Kf4 Rh7 52. Be1 Rh1 53. g4 Nd3+ 0-1

[Event "Cappelle op 32nd"]
[Site "Cappelle la Grande"]
[Date "2016.02.17"]
[Round "6"]
[White "Kaabi, Mejdi"]
[Black "Kurajica, Bojan"]
[Result "0-1"]
[WhiteElo "2310"]
[BlackElo "2533"]
[PlyCount "112"]
[EventDate "2016.02.13"]
[EventType "swiss"]
[EventRounds "9"]
[EventCountry "FRA"]
[SourceTitle "EXT 2017"]
[Source "ChessBase"]
[SourceDate "2016.10.25"]
[SourceVersion "1"]
[SourceVersionDate "2016.10.25"]
[SourceQuality "1"]

1. d4 e6 2. c4 f5 3. g3 Nf6 4. Bg2 Bb4+ 5. Bd2 a5 6. Nf3 Qe7 7. 0-0 Bxd2 8. Nbxd2 Nc6 9. Qc2 d6 10. e4 fxe4 11. Nxe4 0-0 12. Rae1 e5 13. dxe5 dxe5 14. Qc3 Re8 15. h3 Bd7 16. Re3 Qb4 17. Nxf6+ gxf6 18. Qc1 a4 19. a3 Qe7 20. Nd2 Kh8 21. Kh2 Qg7 22. Qc3 f5 23. Rfe1 e4 24. Qxg7+ Kxg7 25. g4 fxg4 26. Rxe4 Rf8 27. R1e2 gxh3 28. Bxh3 Bxh3 29. Kxh3 Rad8 30. Nf1 Nd4 31. Rd2 Nc6 32. Ree2 Rd4 33. Rxd4 Nxd4 34. Re7+ Kg6 35. Kg2 Rf7 36. Rxf7 Kxf7 37. Ne3 Ke6 38. f4 Nf5 39. Nd1 h5 40. Kf3 Nd6 41. c5 Nc4 42. Ke4 Nd2+ 43. Kd3 Nb3 44. c6 b6 45. Ne3 Nc5+ 46. Kd4 h4 47. f5+ Kf6 48. Nd5+ Kxf5 49. Ke3 Ke6 50. Nxc7+ Kd6 51. Nb5+ Kxc6 52. Nc3 b5 53. Kf3 Nd3 54. Nd1 Kc5 55. Kg4 Kc4 56. Kxh4 Nxb2 0-1

[Event "Cappelle op 32nd"]
[Site "Cappelle la Grande"]
[Date "2016.02.15"]
[Round "3"]
[White "Degardin, Sylvain"]
[Black "Kaabi, Mejdi"]
[Result "1/2-1/2"]
[WhiteElo "2081"]
[BlackElo "2310"]
[PlyCount "93"]
[EventDate "2016.02.13"]
[EventType "swiss"]
[EventRounds "9"]
[EventCountry "FRA"]
[SourceTitle "EXT 2017"]
[Source "ChessBase"]
[SourceDate "2016.10.25"]
[SourceVersion "1"]
[SourceVersionDate "2016.10.25"]
[SourceQuality "1"]

1. e4 g6 2. d4 Bg7 3. Nc3 c6 4. Nf3 d5 5. h3 Nh6 6. e5 f6 7. Bf4 Nf7 8. Qd2 a5 9. 0-0-0 a4 10. g4 a3 11. b3 Qa5 12. exf6 Bxf6 13. Re1 Nd7 14. Re3 g5 15. Bg3 Nf8 16. Ne5 Be6 17. Na4 Qxd2+ 18. Kxd2 Nxe5 19. Bxe5 Kf7 20. Bd3 Nd7 21. Bxf6 exf6 22. Rhe1 Rae8 23. c4 dxc4 24. Bxc4 Bxc4 25. Rxe8 Rxe8 26. Rxe8 Kxe8 27. bxc4 b6 28. Ke3 b5 29. cxb5 cxb5 30. Nc3 b4 31. Nb1 b3 32. Nxa3 bxa2 33. Nc2 Nb6 34. Ke4 Ke7 35. f4 Ke6 36. fxg5 fxg5 37. Kf3 Kd5 38. Nb4+ Kxd4 39. Nxa2 Nd5 40. Nc1 Ne7 41. Ne2+ Ke5 42. Ng1 Nc6 43. Kg3 Nd4 44. h4 h6 45. hxg5 hxg5 46. Nh3 Kf6 47. Nxg5 1/2-1/2

[Event "Monastir Belkadhi op-A"]
[Site "Monastir"]
[Date "2014.05.04"]
[Round "2"]
[White "Kaabi, Mejdi"]
[Black "Miladinovic, Igor"]
[Result "0-1"]
[WhiteElo "2332"]
[BlackElo "2573"]
[PlyCount "100"]
[EventDate "2014.05.03"]
[EventType "swiss"]
[EventRounds "9"]
[EventCountry "TUN"]
[SourceTitle "CBM 160 Extra"]
[Source "ChessBase"]
[SourceDate "2014.07.01"]
[SourceVersion "1"]
[SourceVersionDate "2014.07.01"]
[SourceQuality "1"]

1. d4 d5 2. Nf3 Bf5 3. c4 e6 4. Nc3 Nc6 5. cxd5 exd5 6. Bf4 Bd6 7. Bxd6 Qxd6 8. e3 Nf6 9. h3 Ne7 10. Bd3 c6 11. 0-0 0-0 12. Qc2 Bxd3 13. Qxd3 Ng6 14. Rab1 a5 15. a3 Rfe8 16. b4 b5 17. Nd2 axb4 18. axb4 Nh5 19. g3 Qd7 20. Kh2 Nf6 21. Rfc1 h5 22. Nb3 h4 23. Ra1 hxg3+ 24. fxg3 Rxa1 25. Rxa1 Qe7 26. Nd1 Qd6 27. Nc5 Nh5 28. e4 dxe4 29. Qe3 Nf6 30. Nc3 Qe7 31. Ra6 Nd5 32. Nxd5 cxd5 33. h4 Nf8 34. Ra5 Rb8 35. Qf4 Rb6 36. Ra8 e3 37. Qe5 Qxe5 38. dxe5 e2 39. Ra1 Ne6 40. Re1 Nxc5 41. bxc5 Rc6 42. Rxe2 Kf8 43. Kg2 Rxc5 44. e6 b4 45. exf7 Rb5 46. Kf3 b3 47. Rb2 Kxf7 48. Ke3 Ke6 49. g4 Rb4 50. Kf3 Ke5 0-1

[Event "Arab Clubs-chT"]
[Site "Monastir"]
[Date "2013.11.07"]
[Round "6.4"]
[White "Basil, Alshouha"]
[Black "Kaabi, Mejdi"]
[Result "0-1"]
[WhiteElo "2141"]
[BlackElo "2325"]
[PlyCount "62"]
[EventDate "2013.11.04"]
[EventType "team-tourn"]
[EventRounds "9"]
[EventCountry "TUN"]
[SourceTitle "EXT 2014"]
[Source "ChessBase"]
[SourceDate "2013.11.20"]
[SourceVersion "1"]
[SourceVersionDate "2013.11.20"]
[SourceQuality "1"]
[WhiteTeam "Amman"]
[BlackTeam "Marsa"]
[WhiteTeamCountry "JOR"]
[BlackTeamCountry "TUN"]

1. d4 Nf6 2. Nf3 g6 3. g3 Bg7 4. Bg2 0-0 5. 0-0 d6 6. c4 c5 7. d5 b5 8. cxb5 a6 9. bxa6 Bxa6 10. Nc3 Nbd7 11. Qc2 Qa5 12. a4 Rfb8 13. Rb1 Nb6 14. Rd1 Bc8 15. b3 Bd7 16. Bd2 Qa7 17. Be1 Ne8 18. Nd2 Nc7 19. e4 Na6 20. Na2 Nc7 21. Rdc1 e6 22. Nc4 Nxc4 23. Qxc4 exd5 24. exd5 Nb5 25. Qe2 Nd4 26. Qc4 Bf5 27. Nc3 Rb4 28. Qf1 Bxb1 29. Rxb1 Rxb3 30. Rxb3 Nxb3 31. Nb5 Qe7 0-1

[Event "Monastir Slama Memorial schev"]
[Site "Monastir"]
[Date "2013.09.22"]
[Round "10.5"]
[White "Kaabi, Mejdi"]
[Black "Miladinovic, Igor"]
[Result "0-1"]
[WhiteElo "2330"]
[BlackElo "2572"]
[PlyCount "82"]
[EventDate "2013.09.16"]
[EventType "schev"]
[EventRounds "10"]
[EventCountry "TUN"]
[SourceTitle "CBM 156 Extra"]
[Source "ChessBase"]
[SourceDate "2013.10.22"]
[SourceVersion "1"]
[SourceVersionDate "2013.10.22"]
[SourceQuality "1"]
[WhiteTeam "Team B"]
[BlackTeam "Team A"]
[WhiteTeamCountry "TUN"]
[BlackTeamCountry "TUN"]

1. d4 d5 2. Nf3 Bf5 3. g3 Nc6 4. Bg2 Nb4 5. Na3 c6 6. 0-0 h6 7. c3 Na6 8. Qb3 Qb6 9. Bf4 e6 10. Nd2 Nf6 11. Rfe1 Be7 12. e4 Bh7 13. h3 0-0 14. Be5 Rfe8 15. Nc2 Rad8 16. Rad1 Qxb3 17. axb3 Nxe4 18. Nxe4 dxe4 19. b4 f6 20. Bf4 e3 21. Na3 exf2+ 22. Kxf2 g5 23. Bc1 Nc7 24. Nc4 Kf7 25. Na5 Rb8 26. Bf3 Bg6 27. Rh1 Nd5 28. h4 Bd6 29. hxg5 hxg5 30. Rh6 Ne7 31. g4 Bc7 32. Rdh1 Kg7 33. R6h3 Nd5 34. Re1 e5 35. dxe5 Rxe5 36. Bxd5 Bb6+ 37. Kf1 Rxe1+ 38. Kxe1 Re8+ 39. Kd1 cxd5 40. Nxb7 Re4 41. Rg3 Rxg4 0-1

[Event "Monastir Slama Memorial schev"]
[Site "Monastir"]
[Date "2013.09.18"]
[Round "4.1"]
[White "Kaabi, Mejdi"]
[Black "Lazic, Miroljub"]
[Result "0-1"]
[WhiteElo "2330"]
[BlackElo "2439"]
[PlyCount "125"]
[EventDate "2013.09.16"]
[EventType "schev"]
[EventRounds "10"]
[EventCountry "TUN"]
[SourceTitle "CBM 156 Extra"]
[Source "ChessBase"]
[SourceDate "2013.10.22"]
[SourceVersion "1"]
[SourceVersionDate "2013.10.22"]
[SourceQuality "1"]
[WhiteTeam "Team B"]
[BlackTeam "Team A"]
[WhiteTeamCountry "TUN"]
[BlackTeamCountry "TUN"]

1. d4 d6 2. Bf4 g6 3. Nf3 Bg7 4. e3 Nd7 5. c3 e5 6. Bg3 Qe7 7. Na3 a6 8. Qa4 Rb8 9. Be2 Nh6 10. Bh4 f6 11. dxe5 dxe5 12. e4 0-0 13. Qc4+ Nf7 14. Qxc7 b5 15. 0-0 Rb7 16. Qa5 Nc5 17. Nd2 Rd7 18. Rad1 Rfd8 19. Nab1 h5 20. h3 Nd3 21. Nb3 Nxb2 22. Rxd7 Rxd7 23. f3 Nd8 24. Bf2 Ne6 25. g3 h4 26. Qa3 hxg3 27. Bxg3 Qxa3 28. Nxa3 Bf8 29. Nb1 Bh6 30. h4 Rc7 31. Be1 Nf4 32. Kf2 Be6 33. Bd2 Nxe2 34. Bxh6 Nxc3 35. Nxc3 Rxc3 36. Rb1 Rc2+ 37. Kg3 Na4 38. Rd1 Nc3 39. Rd6 Ne2+ 40. Kf2 Rxa2 41. Nc5 Nd4+ 42. Kg3 Kf7 43. f4 Bc4 44. fxe5 fxe5 45. Bg5 Ne2+ 46. Kf3 Nd4+ 47. Kg3 Ra3+ 48. Kg2 Ne6 49. Rd7+ Kg8 50. Nxe6 Bxe6 51. Re7 Bc4 52. Bf6 b4 53. Rg7+ Kf8 54. Bxe5 b3 55. Bd6+ Kxg7 56. Bxa3 a5 57. Kg3 a4 58. Kf4 Kh6 59. Bc1 Kh5 60. Kg3 Be6 61. e5 Bd7 62. Bb2 Kh6 63. Kf4 0-1

[Event "Monastir Slama Memorial schev"]
[Site "Monastir"]
[Date "2013.09.17"]
[Round "3.2"]
[White "Bouzidi, Ahmed"]
[Black "Kaabi, Mejdi"]
[Result "0-1"]
[WhiteElo "2196"]
[BlackElo "2330"]
[PlyCount "74"]
[EventDate "2013.09.16"]
[EventType "schev"]
[EventRounds "10"]
[EventCountry "TUN"]
[SourceTitle "CBM 156 Extra"]
[Source "ChessBase"]
[SourceDate "2013.10.22"]
[SourceVersion "1"]
[SourceVersionDate "2013.10.22"]
[SourceQuality "1"]
[WhiteTeam "Team A"]
[BlackTeam "Team B"]
[WhiteTeamCountry "TUN"]
[BlackTeamCountry "TUN"]

1. e4 c6 2. d4 d5 3. f3 Qb6 4. Nc3 dxe4 5. fxe4 e5 6. Nf3 exd4 7. Nxd4 Nd7 8. a3 Ne5 9. Be3 Bg4 10. Qc1 Bc5 11. Na4 Qa5+ 12. b4 Qxa4 13. bxc5 Rd8 14. c3 Qa5 15. h3 Bh5 16. g4 Bg6 17. Be2 Nf6 18. 0-0 Ned7 19. Nf5 0-0 20. Bd4 Bxf5 21. Rxf5 Nxe4 22. Qf4 Nxc3 23. Bc4 Nd5 24. Rg5 f6 25. Rxd5 cxd5 26. Bxd5+ Kh8 27. g5 Rde8 28. gxf6 Nxf6 29. Rf1 Re1 30. Bg2 Rxf1+ 31. Bxf1 Qd8 32. Bc4 Qe8 33. Kg2 Qg6+ 34. Kh1 Rd8 35. Be2 Qe4+ 36. Qxe4 Nxe4 37. Be5 Re8 0-1

[Event "Monastir Slama Memorial op"]
[Site "Monastir"]
[Date "2013.09.14"]
[Round "8"]
[White "Kaabi, Mejdi"]
[Black "Bouzidi, Ahmed"]
[Result "1-0"]
[WhiteElo "2330"]
[BlackElo "2196"]
[PlyCount "121"]
[EventDate "2013.09.09"]
[EventType "swiss"]
[EventRounds "9"]
[EventCountry "TUN"]
[SourceTitle "CBM 156 Extra"]
[Source "ChessBase"]
[SourceDate "2013.10.22"]
[SourceVersion "1"]
[SourceVersionDate "2013.10.22"]
[SourceQuality "1"]

1. d4 Nf6 2. Nf3 e6 3. c4 b6 4. a3 Ba6 5. Qc2 Bb7 6. Nc3 Be7 7. Bg5 0-0 8. e3 d6 9. Be2 Nbd7 10. Rd1 Ne8 11. Bxe7 Qxe7 12. 0-0 f5 13. e4 fxe4 14. Nxe4 Nef6 15. Ng3 Rae8 16. Rfe1 Ng4 17. Qd2 e5 18. d5 Rf4 19. Bd3 Ref8 20. b4 c6 21. Be4 c5 22. h3 Ngf6 23. Bf5 Qd8 24. Ng5 Rd4 25. Qc2 h6 26. Ne6 Rxd1 27. Qxd1 Qe8 28. Nxf8 Nxf8 29. bxc5 bxc5 30. Ne4 Nxe4 31. Bxe4 Qe7 32. Qg4 Nd7 33. Qe6+ Kf8 34. Re3 Nf6 35. Bf5 Qxe6 36. dxe6 Ke7 37. Rb3 Ba6 38. Rb8 g6 39. Ra8 gxf5 40. Rxa7+ Kxe6 41. Rxa6 Ne4 42. a4 Kd7 43. a5 Kc7 44. Ra7+ Kc6 45. a6 Kb6 46. Rd7 Kxa6 47. f3 Nc3 48. Rxd6+ Ka5 49. Rxh6 Kb4 50. Re6 e4 51. h4 Kxc4 52. h5 Ne2+ 53. Kf2 Nf4 54. h6 Nxe6 55. h7 Kd3 56. fxe4 fxe4 57. h8Q e3+ 58. Ke1 Nd4 59. Qh7+ Kc3 60. Qe4 e2 61. g4 1-0

[Event "IRQ-ch op 2nd"]
[Site "Baghdad"]
[Date "2013.03.12"]
[Round "9"]
[White "Kaabi, Mejdi"]
[Black "Ismael Namir, Mohammed Ismael"]
[Result "1-0"]
[WhiteElo "2347"]
[BlackElo "2184"]
[PlyCount "93"]
[EventDate "2013.03.06"]
[EventType "swiss"]
[EventRounds "9"]
[EventCountry "IRQ"]
[SourceTitle "CBM 153 Extra"]
[Source "ChessBase"]
[SourceDate "2013.04.22"]
[SourceVersion "1"]
[SourceVersionDate "2013.04.22"]
[SourceQuality "1"]

1. d4 d5 2. Nf3 c6 3. c4 e6 4. Nc3 dxc4 5. e3 b5 6. a4 Bb4 7. Nd2 Bb7 8. Qg4 g6 9. axb5 Bxc3 10. bxc3 cxb5 11. Rb1 Bc6 12. Ba3 f5 13. Qf4 Ne7 14. Qe5 Kf7 15. Bxc4 bxc4 16. Nxc4 Nc8 17. Rxb8 Rxb8 18. Qxb8 Bxg2 19. Rg1 Bd5 20. Ne5+ Kg7 21. Bb4 Qb6 22. Qxb6 Nxb6 23. Kd2 Nc4+ 24. Nxc4 Bxc4 25. Ra1 a6 26. Bd6 Rc8 27. Rb1 Bd5 28. Bc5 Rc7 29. Rb4 Rb7 30. c4 Bc6 31. Bb6 Kf7 32. Kc3 Ke8 33. c5 g5 34. Rb1 g4 35. Ra1 Bb5 36. Re1 Bc6 37. Kb4 Rd7 38. Ka5 Bb5 39. Rc1 Rd5 40. Bc7 Kd7 41. Be5 Kc6 42. h3 gxh3 43. Rh1 Rxe5 44. dxe5 Kxc5 45. Rxh3 Kd5 46. Rxh7 Kxe5 47. Rh4 1-0

[Event "IRQ-ch op 2nd"]
[Site "Baghdad"]
[Date "2013.03.09"]
[Round "5"]
[White "Kaabi, Mejdi"]
[Black "Taleb, Salem Hatam"]
[Result "1-0"]
[WhiteElo "2347"]
[BlackElo "2094"]
[PlyCount "62"]
[EventDate "2013.03.06"]
[EventType "swiss"]
[EventRounds "9"]
[EventCountry "IRQ"]
[SourceTitle "CBM 153 Extra"]
[Source "ChessBase"]
[SourceDate "2013.04.22"]
[SourceVersion "1"]
[SourceVersionDate "2013.04.22"]
[SourceQuality "1"]

1. d4 Nf6 2. Nf3 g6 3. g3 Bg7 4. Bg2 d6 5. 0-0 0-0 6. c4 Nbd7 7. Nc3 c6 8. e4 e5 9. h3 h6 10. Be3 Re8 11. Qc2 Qe7 12. Rfe1 a6 13. a4 a5 14. Rad1 Nb8 15. b3 Na6 16. Kh2 Kh7 17. Re2 Bf8 18. Ne1 Nh5 19. Nd3 Nb4 20. Qd2 Nxd3 21. Qxd3 Bg7 22. Red2 Bf6 23. Rf1 Bg5 24. f4 exf4 25. gxf4 Bh4 26. Rf3 Be1 27. Re2 Qh4 28. Rxe1 Qxe1 29. Bf2 Qc1 30. Be3 Qe1 31. Bf2 Qc1 1-0

[Event "Monastir GM"]
[Site "Monastir"]
[Date "2012.09.27"]
[Round "7"]
[White "Jemai, Akram"]
[Black "Kaabi, Mejdi"]
[Result "0-1"]
[WhiteElo "2155"]
[BlackElo "2352"]
[PlyCount "192"]
[EventDate "2012.09.14"]
[EventType "schev"]
[EventRounds "10"]
[EventCountry "TUN"]
[EventCategory "6"]
[SourceTitle "CBM 150 Extra"]
[Source "ChessBase"]
[SourceDate "2012.10.19"]
[SourceVersion "1"]
[SourceVersionDate "2012.10.19"]
[SourceQuality "1"]
[WhiteTeam "Team A"]
[BlackTeam "Team B"]
[WhiteTeamCountry "TUN"]
[BlackTeamCountry "TUN"]

1. e4 c6 2. d4 g6 3. f4 d5 4. e5 Bg7 5. Nf3 h5 6. Bd3 Nh6 7. c3 Qb6 8. Qb3 Na6 9. Be3 Bf5 10. Bxf5 Nxf5 11. Bf2 e6 12. Na3 Bf8 13. Nc2 Qc7 14. Ne3 Nxe3 15. Bxe3 c5 16. Rc1 c4 17. Qa4+ Qd7 18. Qxd7+ Kxd7 19. Ng5 Ke8 20. g3 Be7 21. Ke2 Rc8 22. h3 b5 23. a3 Bxg5 24. fxg5 Ke7 25. h4 Rb8 26. Ra1 Rb7 27. Bd2 Nc7 28. Ra2 Rb6 29. Rha1 Rhb8 30. Kd1 Ra6 31. Kc2 Ra4 32. Kc1 Ne8 33. Kc2 Ng7 34. Bf4 Nf5 35. Kc1 Rb6 36. Kc2 Rba6 37. b3 cxb3+ 38. Kxb3 Kd7 39. Kb2 Rc6 40. Rd1 Kc7 41. Rd3 Kb6 42. Bd2 Rc7 43. Be1 a5 44. Kb3 Rac4 45. Bf2 Kb7 46. Rb2 Ka6 47. Rb1 b4 48. axb4 axb4 49. cxb4 Kb5 50. Rb2 Ra7 51. Rc3 Ra4 52. Kc2 Nxd4+ 53. Bxd4 Rxd4 54. Rf3 Ra7 55. Kc3 Rc4+ 56. Kd2 Rxb4 57. Rxb4+ Kxb4 58. Rf1 Kc4 59. Ke3 Ra3+ 60. Kf4 d4 61. Ke4 Re3+ 62. Kf4 Kd5 63. Ra1 Re4+ 64. Kf3 Rxe5 65. Ra5+ Kd6 66. Ra6+ Ke7 67. Ra7+ Kf8 68. Ra8+ Kg7 69. Ra7 Re3+ 70. Kf2 e5 71. Ra8 Rc3 72. Re8 Rc5 73. Ke2 Ra5 74. Kf2 Rd5 75. Ke2 Rd6 76. Kf3 Re6 77. Ra8 f5 78. gxf6+ Kxf6 79. Ke4 Rc6 80. Rb8 Rc3 81. Rb6+ Kg7 82. Kxe5 Rxg3 83. Kxd4 Rg4+ 84. Ke3 Rxh4 85. Kf3 Ra4 86. Kg3 Ra5 87. Rb3 Kh6 88. Rc3 Ra6 89. Rb3 Rf6 90. Ra3 g5 91. Ra8 h4+ 92. Kg4 Rf4+ 93. Kh3 Kg6 94. Rb8 Rf3+ 95. Kg2 Ra3 96. Rb4 Kh5 0-1

[Event "Monastir GM"]
[Site "Monastir"]
[Date "2012.09.26"]
[Round "6"]
[White "Kaabi, Mejdi"]
[Black "Boudriga, Mohamed Ali"]
[Result "0-1"]
[WhiteElo "2352"]
[BlackElo "2209"]
[PlyCount "60"]
[EventDate "2012.09.14"]
[EventType "schev"]
[EventRounds "10"]
[EventCountry "TUN"]
[EventCategory "6"]
[SourceTitle "CBM 150 Extra"]
[Source "ChessBase"]
[SourceDate "2012.10.19"]
[SourceVersion "1"]
[SourceVersionDate "2012.10.19"]
[SourceQuality "1"]
[WhiteTeam "Team B"]
[BlackTeam "Team A"]
[WhiteTeamCountry "TUN"]
[BlackTeamCountry "TUN"]

1. c4 e6 2. Nf3 d5 3. g3 dxc4 4. Qa4+ c6 5. Qxc4 b5 6. Qc2 Bb7 7. Bg2 Nd7 8. 0-0 Ngf6 9. d3 c5 10. a4 a6 11. Bg5 Be7 12. axb5 axb5 13. Nc3 b4 14. Na4 0-0 15. Bxf6 Bxf6 16. Nd2 Bxg2 17. Kxg2 Qc7 18. Ne4 Be7 19. Kg1 Qe5 20. Rac1 c4 21. dxc4 b3 22. Qd2 Rfd8 23. f4 Qc7 24. Nac3 Ne5 25. Qe3 Nxc4 26. Nb5 Qc6 27. Qxb3 Rdc8 28. Nd4 Qxe4 29. Rxc4 Rxc4 30. Qxc4 Bf6 0-1